000 00707nam a2200229Ia 4500
003 OSt
005 20220925204005.0
006 a|||||r|||| 00| 0
007 ta
008 220923b |||||||| |||| 00| 0 eng d
037 _cGeneral Book
040 _aRTL
_cRTL
_beng
041 _2eng
_aeng
082 _aX9(F182).1.N4, L6
110 _aOrganisation for Economic Co-operation and Development
_942504
245 0 _aIron and steel industry in 1974 and trends in 1975
260 _aFrance
_bOCDE
_c1976
300 _a67p
_ccm.
700 _aOrganisation for Economic Co-operation and Development
_942505
942 _hX9(F182).1.N4, L6
_cGB
_2CC
999 _c548292
_d548292